000 00866nam a2200253 a 4500
003 OSt
005 20131010163231.0
008 131010s2009 ag ||||| |||| 10| 0 spa d
040 _cBiblioteca Medicina
041 _aspa
082 _bCONGRESOS 016
111 2 _aUniversidad de Buenos Aires
_92698
245 0 0 _aPrograma del Primer Congreso Internacional de Pedagogia Universitaria
250 _a1ยบ ed.
260 _aBuenos Aires
_bUniversidad de Buenos Aires;
_bSecretaria de Asuntos Academicos
_c2009
300 _a118 p.
518 _aBuenos Aires, Argentina. 7 al 9 de Septiembre de 2009
653 _aPEDAGOGIA UNIVERSITARIA
653 _aPEDAGOGIA
653 _aEDUCACION SUPERIOR
653 _aUNIVERSIDADES-PEDAGOGIA
942 _2ddc
_cPH
999 _c1789
_d1789
952 _40
_00
_bBFM
_10
_oCONGRESOS 016
_d2013-10-10
_tEj. 1
_8NFIC
_70
_cCR
_2ddc
_yPH
_aBFM